Workshop 1988 Alkohol, Verkehrserziehung und -aufklärung, Innerortssicherheit: Referate und Zusammenfassungen der Diskussionen des "Workshop 1988", 8. bis 10. Juni 1988 in Hamburg

Gespeichert in:  
Bibliographische Detailangaben
1. VerfasserIn: Schneidermann, Iris (Bearbeitung)
Körperschaften: Workshop Alkohol, Verkehrserziehung und -aufklärung, Innerortssicherheit. Hamburg (1988) (Verfasst von) ; Bundesanstalt für Straßenwesen (BeteiligteR) ; Deutschland. Bundesrepublik (BeteiligteR)
Medienart: Druck Buch
Sprache:Deutsch
Veröffentlicht: Bremerhaven Wirtschaftsverlag NW, Verl. für Neue Wiss. 1988
In: Unfall- und Sicherheitsforschung, Straßenverkehr (68)
Jahr: 1988
Online-Zugang: Inhaltsverzeichnis
Bestand in Tübingen:In Tübingen vorhanden.
IFK: K III 14 (68.1988)
Verfügbarkeit prüfen: HBZ Gateway
Subito Bestelldienst: Jetzt bestellen.
Schlagwörter:

MARC

LEADER 00000cam a2200000 c 4500
001 272716286
003 DE-627
005 20260402160549.0
007 tu
008 950803s1988 gw ||||| 00| ||ger c
015 |a 89,A16,0906  |2 dnb 
016 7 |a 890575258  |2 DE-101 
020 |a 3883148067  |9 3-88314-806-7 
035 |a (DE-627)272716286 
035 |a (DE-576)01757241X 
035 |a (DE-599)GBV272716286 
035 |a (OCoLC)256569049 
035 |a (OCoLC)159888182 
035 |a (OCoLC)256569049 
040 |a DE-627  |b ger  |c DE-627  |e rakwb 
041 |a ger 
044 |c XA-DE 
084 |a 41  |2 sdnb 
084 |a ZO 4875  |2 rvk  |0 (DE-625)rvk/157748: 
084 |a 44.71  |2 bkl 
111 2 |a Workshop Alkohol, Verkehrserziehung und -aufklärung, Innerortssicherheit  |d 1988  |c Hamburg  |0 (DE-588)2102789-4  |0 (DE-627)100973620  |0 (DE-576)193164035  |4 aut 
245 1 0 |a Workshop 1988 Alkohol, Verkehrserziehung und -aufklärung, Innerortssicherheit  |b Referate und Zusammenfassungen der Diskussionen des "Workshop 1988", 8. bis 10. Juni 1988 in Hamburg  |c veranst. von Bundesanst. für Straßenwesen ... Hrsg. im Auftr. d. Bundesministers für Verkehr von d. Bundesanst. für Straßenwesen, Bereich Unfallforschung. [Red.: Iris Schneidermann] 
246 3 0 |a neunzehnhundertachtundachtzig 
246 3 3 |a Alkohol, Verkehrserziehung und -aufklärung, Innerortssicherheit 
264 1 |a Bremerhaven  |b Wirtschaftsverlag NW, Verl. für Neue Wiss.  |c 1988 
300 |a 99 S.  |b Ill., graph. Darst 
336 |a Text  |b txt  |2 rdacontent 
337 |a ohne Hilfsmittel zu benutzen  |b n  |2 rdamedia 
338 |a Band  |b nc  |2 rdacarrier 
490 1 |a Unfall- und Sicherheitsforschung Straßenverkehr  |v 68 
500 |a Literaturangaben 
583 1 |a Archivierung prüfen  |c 20200919  |f DE-640  |z 2  |2 pdager 
583 1 |a Archivierung prüfen  |c 20240324  |f DE-4165  |z 2  |2 pdager 
655 7 |a Konferenzschrift  |y 1988  |z Hamburg  |0 (DE-588)1071861417  |0 (DE-627)826484824  |0 (DE-576)433375485  |2 gnd-content 
655 7 |a Konferenzschrift  |0 (DE-588)1071861417  |0 (DE-627)826484824  |0 (DE-576)433375485  |2 gnd-content 
689 0 0 |d s  |0 (DE-588)4062962-4  |0 (DE-627)106129635  |0 (DE-576)209146745  |a Verkehrssicherheit  |2 gnd 
689 0 1 |d s  |0 (DE-588)4057931-1  |0 (DE-627)104359951  |0 (DE-576)209124105  |a Straßenverkehr  |2 gnd 
689 0 |5 DE-101 
700 1 |a Schneidermann, Iris  |e Red.  |4 adp 
710 2 |a Bundesanstalt für Straßenwesen  |0 (DE-588)2076938-6  |0 (DE-627)103915400  |0 (DE-576)192208888  |4 oth 
710 2 |a Deutschland  |g Bundesrepublik  |b Bundesminister für Verkehr  |0 (DE-588)2036867-7  |0 (DE-627)040823032  |0 (DE-576)191876666  |4 oth 
830 0 |a Unfall- und Sicherheitsforschung, Straßenverkehr  |v 68  |9 6800  |w (DE-627)130272655  |w (DE-576)015841073  |w (DE-600)564166-4  |x 0341-5732  |7 am 
856 4 2 |u http://www.gbv.de/dms/tib-ub-hannover/272716286.pdf  |m V:DE-601  |m B:DE-89  |q pdf/application  |x Verlag  |y Inhaltsverzeichnis  |3 Inhaltsverzeichnis  |7 1 
889 |w (DE-627)042717655 
935 |i mdedup 
935 |i Blocktest 
936 r v |a ZO 4875  |b Unfallforschung im Straßenverkehr  |k Technik  |k Verkehr, Transport  |k Straßenverkehr  |k Unfallforschung im Straßenverkehr  |0 (DE-627)1271355000  |0 (DE-625)rvk/157748:  |0 (DE-576)201355000 
936 b k |a 44.71  |j Verkehrsmedizin  |0 (DE-627)106409492 
951 |a BO 
ELC |b 1 
LOK |0 000 xxxxxcx a22 zn 4500 
LOK |0 001 3319907662 
LOK |0 003 DE-627 
LOK |0 004 272716286 
LOK |0 005 20260303103947 
LOK |0 008 940117||||||||||||||||ger||||||| 
LOK |0 040   |a DE-21-110  |c DE-627  |d DE-21-110 
LOK |0 689   |a s  |a Straßenverkehr 
LOK |0 689   |a s  |a Sicherheitsforschung 
LOK |0 689   |a s  |a Verkehrserziehung 
LOK |0 689   |a s  |a Verkehrsaufklärung 
LOK |0 689   |a s  |a Unfallforschung 
LOK |0 852   |a DE-21-110 
LOK |0 852 1  |c K III 14 (68.1988)  |m p  |9 00 
LOK |0 935   |a k110 
LOK |0 936ln  |a 10.6 
LOK |0 938   |k p 
LOK |0 939   |a 1994-01-17  |b l01 
ORI |a WA-MARC-krimdoka001.raw 
SIG |a IFK: K III 14 (68.1988) 
TIM |a 100019880101_100019881231  |b 1988 - 1988